Modern introductory physics (Record no. 16196)

000 -LEADER
fixed length control field 00351cam a2200145I 4500
040 ## - CATALOGING SOURCE
Transcribing agency WSU
082 ## - DEWEY DECIMAL CLASSIFICATION NUMBER
Classification number 530 MCG 1957 MCG A084 Or.
100 1# - MAIN ENTRY--AUTHOR NAME
Personal name Freeman, Ira Maximilian,
245 10 - TITLE STATEMENT
Title Modern introductory physics
250 ## - EDITION STATEMENT
Edition statement 2d ed
260 ## - PUBLICATION, DISTRIBUTION, ETC. (IMPRINT)
Place of publication New York,
Name of publisher McGraw-Hill,
Year of publication 1957
300 ## - PHYSICAL DESCRIPTION
Number of Pages 497 p.
Other physical details illus.
Dimensions 24 cm
650 #0 - SUBJECT ADDED ENTRY--TOPICAL TERM
Topical Term Physics
942 ## - ADDED ENTRY ELEMENTS (KOHA)
Koha item type សៀវភៅភាសាអង់គ្លេស
952 ## - LOCATION AND ITEM INFORMATION (KOHA)
Withdrawn status [LOCAL, KOHA] 0
Holdings
Permanent Location Date acquired Koha item type Lost status Shelving location Barcode Current Location Full call number
Library Block A2018-01-23សៀវភៅភាសាអង់គ្លេស A084A24330Library Block A530 MCG 1957 A084 Or.
មជ្ឈមណ្ឌលឯការនៃសាកលវិទ្យាល័យភូមិន្ទកសិកម្មចំការដូង

Powered by Koha